| 000 | 00830nam a2200253 i 4500 | ||
|---|---|---|---|
| 001 | 89058 | ||
| 003 | ES-MaACL | ||
| 005 | 20230906180046.0 | ||
| 007 | t| | ||
| 008 | 050126s2004 sp ||||1| spa d | ||
| 020 | _a84-206-4316-5 | ||
| 080 | _a94(560)"1288/1918" | ||
| 100 | 1 |
_aGoodwin, Jason. _959121 |
|
| 245 | 1 | 4 |
_aLos señores del horizonte _b: una historia del Imperio Otomano / _cJason Goodwin ; traducción de Gregorio Alonso. |
| 260 |
_aMadrid : _bAlianza Editorial, _c[2004] |
||
| 300 |
_a460 p. ; _c23 cm. |
||
| 490 | 1 |
_aAlianza ensayo ; _v250 |
|
| 504 | _aBibliografía: p. [431]-435. | ||
| 651 | 4 |
_aTurquía- _xHistoria- _y1288-1918, Otomanos. _9150891 |
|
| 700 | 1 |
_aAlonso, Gregorio. _920204 |
|
| 830 | 0 |
_aAlianza ensayo ; _v250 _9180599 |
|
| 852 |
_aES-MaACL _jL-28701 _bR.135019 |
||
| 999 |
_c89058 _d89058 |
||